000 00516 a2200169 4500
003 Nust
005 20170207153549.0
040 _cNust
082 _a005-1
100 _aUl-Islam, Capt Ayuq- BESE-09
245 _aLie detection based on human autonmic nervous system analysis though real-time eye image stream (Hard / Soft-copy)
_cCapt Ayuq-Ul-Islam & Capt Ateeq-Ur-Rehman BESE-09
260 _bMCS
_c2007
300 _a37 p
538 _aAlmirah No 71 Shelf No 5
650 _aUG Projects
651 _aUG CS Projects
942 _cTHS
999 _c188769
_d188769